00663nam a2200205 a 450000100060000000300090000600800410001502000150005604000280007108200190009910000450011824500820016326000470024530000110029265000420030365000430034565000260038865000350041465000080044918120CO-ViMGA141112s2004 ck r 000 u spa d a8448131975 aCO-ViMGAbspacCO-ViMGA04a621.3821 L365r1 aLeon - García, Alberto; Widjaja, Indra10aRedes de comunicación : bConceptos fundamentales y arquitecturas básicas aMadríd (España), cMcGraw Hill, c2001 a772.p.14aARQUITECTURA DE REDES DE COMPUTADORES14aIP (PROTOCOLO DE REDES DE COMPUTADORES14aREDES DE COMPUTADORES14aSISTEMAS DE TELECOMUNICACIONES14aTCP